000 00219nam a2200085Ia 4500
008 220204s9999 xx 000 0 und d
245 0 _aProject completion report.7. Plant Pathology
260 _aKottayam
_bRRII
942 _cBK
999 _c44366
_d44366